<?xml version="1.0" encoding="UTF-8"?>
<marc:record xmlns:marc="http://www.loc.gov/MARC21/slim">
   <marc:leader>00000nam a2200000 a 4500</marc:leader>
   <marc:datafield ind1="1" ind2=" " tag="100">
      <marc:subfield code="a">Katzer, Gernot</marc:subfield>
      <marc:subfield code="4">aut</marc:subfield>
      <marc:subfield code="e">Verfasser/-in</marc:subfield>
   </marc:datafield>
   <marc:datafield ind1="1" ind2=" " tag="100">
      <marc:subfield code="a">Fansa, Jonas</marc:subfield>
      <marc:subfield code="4">aut</marc:subfield>
      <marc:subfield code="e">Verfasser/-in</marc:subfield>
   </marc:datafield>
   <marc:datafield ind1=" " ind2=" " tag="653">
      <marc:subfield code="a">Gewürz</marc:subfield>
   </marc:datafield>
   <marc:datafield ind1=" " ind2=" " tag="653">
      <marc:subfield code="a">Trinken/Allgemeines</marc:subfield>
   </marc:datafield>
   <marc:datafield ind1=" " ind2=" " tag="653">
      <marc:subfield code="a">Lexika</marc:subfield>
   </marc:datafield>
   <marc:datafield ind1=" " ind2=" " tag="653">
      <marc:subfield code="a">Tabellen</marc:subfield>
   </marc:datafield>
   <marc:datafield ind1=" " ind2=" " tag="653">
      <marc:subfield code="a">Wörterbuch</marc:subfield>
   </marc:datafield>
   <marc:datafield ind1="0" ind2="0" tag="245">
      <marc:subfield code="a">Picantissimo</marc:subfield>
   </marc:datafield>
   <marc:datafield ind1="0" ind2="0" tag="245">
      <marc:subfield code="b">das Gewürzhandbuch</marc:subfield>
   </marc:datafield>
   <marc:datafield ind1="0" ind2="0" tag="245">
      <marc:subfield code="c">Gernot Katzer/Jonas Fansa</marc:subfield>
   </marc:datafield>
   <marc:datafield ind1=" " ind2="1" tag="264">
      <marc:subfield code="a">Göttingen</marc:subfield>
      <marc:subfield code="b">Verl. Die Werkstatt</marc:subfield>
      <marc:subfield code="c">2007</marc:subfield>
   </marc:datafield>
   <marc:datafield ind1="1" ind2=" " tag="520">
      <marc:subfield code="a">Angaben aus der Verlagsmeldung

picantissimo : Das Gewürzhandbuch / von Gernot Katzer, Jonas Fansa

Die Internet-Gewürzseiten von Gernot Katzer sind seit Jahren erste Adresse für interessierte Gewürzgenießer; täglich werden dort über 5.000 Zugriffe registriert. Gemeinsam mit Jonas Fansa hat Katzer nun ein umfangreiches Handbuch zusammengestellt, das dem Bedarf nach fundiertem Wissen über die Geheimnisse der Gewürze Rechnung trägt.
In übersichtlichen Texten und vielen Fotos werden rund 100 Gewürze ausführlich vorgestellt. Dabei geht es um Herkunft und Botanik der jeweiligen Pflanzen sowie darum, welche Bestandteile ihnen das charakteristische Aroma geben. Besonders ausführlich widmen sich die Autoren kulinarischen Aspekten, wobei die traditionelle Verwendung der Gewürze in ihren Herkunfts- und Anbauregionen im Mittelpunkt steht. Das weckt Lust, uns unbekannte Rezepte auszuprobieren: Zimt, den wir eher als Weihnachtsaroma kennen, würzt beispielsweise in Nordindien Schmorgerichte. Sichuanpfeffer sorgt in der chinesischen Küche für prickelnd-betäubende Schärfe, und ein Gewürz namens Ajowan wird in Nordafrika für Bohnengerichte verwendet – Nachahmung wird empfohlen.
</marc:subfield>
   </marc:datafield>
   <marc:datafield ind1=" " ind2=" " tag="020">
      <marc:subfield code="a">9783895335723</marc:subfield>
      <marc:subfield code="9">9783895335723</marc:subfield>
   </marc:datafield>
   <marc:datafield ind1=" " ind2=" " tag="020">
      <marc:subfield code="a">389533572X</marc:subfield>
      <marc:subfield code="9">389533572X</marc:subfield>
   </marc:datafield>
   <marc:datafield ind1=" " ind2=" " tag="041">
      <marc:subfield code="a">ger</marc:subfield>
   </marc:datafield>
   <marc:datafield ind1=" " ind2=" " tag="300">
      <marc:subfield code="a">358 S.</marc:subfield>
   </marc:datafield>
</marc:record>
